| 000 | 00832cam a2200301 a 4500 | ||
|---|---|---|---|
| 001 | 22444 | ||
| 003 | SK-KTurca | ||
| 005 | 20260328120927.0 | ||
| 008 | 240313s2010 xo d 000 f slo | ||
| 015 | _aSNBA2010/06-03180 | ||
| 020 |
_a9788055121093 _q(viaz.) |
||
| 035 | _a5EE4D8C1-C321-4DC2-AC45-9D828EAA8E3F | ||
| 035 | _aurn:nbn:sk:snk-amk09b | ||
| 035 | _aurn:nbn:sk:snk-am0087v1 | ||
| 040 |
_aTTKJF _bslo _cTTKJF _dSNK _eAACR2 |
||
| 041 | 0 | _aslo | |
| 044 |
_axo _cSK |
||
| 072 | 7 |
_a821.162.4-3 _xSlovenská próza _2konspekt |
|
| 080 |
_a821.162.4-31 _22001 |
||
| 100 | 1 |
_aBukowsky, Z. H. _4aut |
|
| 245 | 1 | 0 |
_aSexodus _cZ. H. Bukowsky |
| 250 | _a1. vyd. | ||
| 260 |
_aBratislava _bIkar _c2010 |
||
| 300 |
_a231 s. _c21 cm |
||
| 655 | 7 |
_aslovenské romány _2SNKPH |
|
| 942 |
_2ddc _cKLDO _n0 |
||
| 980 | _a821.162.4-31 | ||
| 999 |
_c22444 _d22444 |
||